Statystyki dla Największe państwa Imperium Rzymskiego

Kliknij tutaj aby rozwiązać quiz!

Ogólne statystyki

  • Ten quiz został rozwiązany 2,538 razy
  • Średni wynik to 12 z 15

Statystyki odpowiedzi

% km2 Kraj % poprawnych
100301 000Włochy
99%
82525 000Francja
96%
99500 000Hiszpania
96%
98770 000Turcja
90%
60600 000Egipt
89%
100132 000Grecja
87%
8200 000Algieria
81%
33150 000Maroko
81%
8150 000Libia
74%
62150 000Wielka Brytania
72%
70115 000Tunezja
70%
75175 000Rumunia
62%
100111 000Bułgaria
61%
50220 000Irak
59%
80150 000Syria
58%

Rozkład punktacji

Percentyl według liczby udzielonych odpowiedzi

Procent ludzi z każdym wynikiem

Twoja historia wyników

Nie rozwiązałeś tego quizu